Band or The Band? #4 - Statistics

General Stats
  • This quiz has been taken 431 times
  • The average score is 15 of 20
Answer Stats
Hint Answer % Correct
Van Halen The
94%
Def Leppard The
93%
Cranberries The
91%
Buggles The
89%
Green Day The
89%
Public Enemy The
85%
Hollies The
84%
Soundgarden The
84%
Ronettes The
81%
Everly Brothers The
80%
Verve The
77%
Queens of the Stone Age The
74%
Bloc Party The
74%
Pointer Sisters The
72%
Eurythmics The
69%
Pavement The
68%
B-52's The
67%
Moody Blues The
58%
Prodigy The
52%
Spice Girls The
52%
No matching quizzes found
Score Distribution
Percent of People with Each Score
Percentile by Number Answered
Your Score History
You have not taken this quiz